000 03006nam a2200553Ia 4500
001 dia_5722
003 CHAP
005 20240315110611.0
007 ta
008 220117s2008 mx ado fr 001 0 spa d
040 _cCHAP
_amxchpua
090 _aT.C.475
_bV45 IA
_c2008
245 1 0 _aReporte de viaje generacional del 28 de enero al 9 de febrero de 2008 :
_bzona Bajío /
_ccoordinadora Alejandra Velázquez Castillo ; colaboradores Selene Carolina Cleofas Hernández...[et al.]
260 _aMéxico :
_bEl autor,
_c2008
300 _a98 hojas :
_bilustraciones, gráficas, diagramas, tablas, fotos +
_eCD-ROM
336 _2rdacontent
_atexto
_btxt
337 _2rdamedia
_ano mediado
_bn
338 _2rdacarrier
_avolumen
_bnc
500 _a4° año Grupo 2 -- Contiene directorio en cada empresa. -- El CD contiene reporte.
502 _aViaje de Estudios
_b(IA) --
_cUACh. Departamento de Ingeniería Agroindustrial,
_d2008
505 _tEmpresas visitadas: -- 1. Cervecería Cuahutemoc-Moctezuma, S. A. de C. V. -- 2. Pastas La Moderna, S. A. de C. V. -- 3. Ingenio Santa Clara, S. A. de C. V. -- 4. Empacadora de Aguacates Ávalos, S. A. de C. V. -- 5. Procesadora de Tilapia, NUTRIPESCA, S. A. de C. V. -- 6. Tequila Corralejo, S. A. de C. V. -- 7. Danone, S. A. de C. V. -- 8. Cristalizadora de fresa La cristalita, S. A. de C. V. -- 9. Congeladora de Frutas Niño, S. A. de C. V. -- 10. Molinos Azteca de Bajío MASECA, S. A. de C. V. -- 11. Curtiduría Maquilas Muñoz, S. A. de C. V. -- 12. Cajetas La Reina, S. A. de C. V. -- 13. Planta de Precesamiento de Aves BACHOCO, S. A. de C. V. -- 14. Deshidratadora La Cascada, S. A. de C. V. -- 15. Molino de harina de trigo La Queretana, S. A. de C. V. -- 16. Cavas FLEIXENET de México, S. A. de C. V.
650 1 3 _aAlimentos deshidratados
_9154330
650 1 3 _aIndustria avícola
_9157032
650 1 3 _aIndustria cervecera
_957799
650 1 3 _aIndustria de los alimentos
_9148659
650 1 3 _aIndustria de productos agrícolas
_9151277
650 1 3 _aIndustria molinera
_9157045
650 1 3 _aPlantas empacadoras
_9148404
650 1 3 _aProductos lácteos
_992124
650 1 3 _aTequila
_9112336
650 1 3 _aDairy products
_9147027
650 1 3 _aDried foods
_9154331
650 1 3 _aFood industry
_9148657
650 1 3 _aBrewing industry
_9151423
650 1 3 _aHorticultural products industry
_9151276
650 1 3 _aMilling industry
_9157318
650 1 3 _aPacking houses
_9148403
650 1 3 _aPoultry industry
_9155311
700 1 _aVelázquez Castillo, Alejandra
_9118517
_ecoordinadora
700 1 _aCleofas Hernández, Selene Carolina
_923786
_ecolaboradora
856 _uhttp://10.13.5.2/ve/TC475IA/TC475IA2008-REPORTE.pdf
_yDESCARGAR REPORTE
901 _aT.C.475 V45 IA 2008
902 _aM
905 _a5232272008 mx dil 8223123322spa16
942 _2local
942 _cVE
999 _c176739
_d176739